000 00356nam a22001457a 4500
020 _a978-81-226-0618-8
082 _a894.812.3
_bSAR/P
100 _aJOSEPH, SARAH
245 _aPUTHU RAMAYANAM
246 _aPUTHU RAMAYANAM
_bPUTHU RAMAYANAM
260 _aTHRISSUR
_bCURRENT BOOKS
_c2017
300 _a78
650 _aMALAYALAM STORIES
_zINDIA
942 _cBK
999 _c7133
_d7133